Un estudio exploratorio descriptivo sobre la huelga del ICE de julio de 1976. Parte A: Sobre el diseño de la investigación /
Uloženo v:
| Hlavní autor: | |
|---|---|
| Další autoři: | , , , |
| Médium: | Text |
| Jazyk: | Spanish |
| Vydáno: |
San José:
ICE
|
| Tagy: |
Přidat tag
Žádné tagy, Buďte první, kdo vytvoří štítek k tomuto záznamu!
|
MARC
| LEADER | 00000 a a2200000 04500 | ||
|---|---|---|---|
| 001 | 16632 | ||
| 003 | cru CIDCACS/IIS | ||
| 005 | 20231205145243.0 | ||
| 008 | 231205b |||||||| |||| 00| 0 spa d | ||
| 040 | |c cru CIDCACS/IIS | ||
| 090 | |a 13.06.01 V716e T.1 | ||
| 100 | |a Ortíz Gutiérrez, Javier | ||
| 245 | |a Un estudio exploratorio descriptivo sobre la huelga del ICE de julio de 1976. Parte A: Sobre el diseño de la investigación / |c Javier Ortíz Gutiérrez | ||
| 260 | |a San José: |b ICE | ||
| 300 | |a 69 p. | ||
| 700 | |a Villalobos Matarrita, Alvaro | ||
| 700 | |a Naranjo Bayo, German | ||
| 700 | |a Robert Jiménez, Jaime R. | ||
| 700 | |a Rudín, María Victoria | ||
| 942 | |2 z |c LI |h 13.06.01 V716e T.1 |i 09106 |6 130601_V716E_T1_09106 | ||
| 999 | |c 14056 |d 14056 | ||
